MARC details
| 000 -LEADER |
| fixed length control field |
03531cam a2200361 i 4500 |
| 001 - CONTROL NUMBER |
| control field |
24139012 |
| 003 - CONTROL NUMBER IDENTIFIER |
| control field |
DLC |
| 005 - DATE AND TIME OF LATEST TRANSACTION |
| control field |
20260311114009.0 |
| 007 - PHYSICAL DESCRIPTION FIXED FIELD--GENERAL INFORMATION |
| fixed length control field |
t| |
| 008 - FIXED-LENGTH DATA ELEMENTS--GENERAL INFORMATION |
| fixed length control field |
250404s2025 nyu b 001 0 eng |
| 010 ## - LIBRARY OF CONGRESS CONTROL NUMBER |
| LC control number |
2025016080 |
| 020 ## - INTERNATIONAL STANDARD BOOK NUMBER |
| International Standard Book Number |
9780197760499 |
| Qualifying information |
paperback |
| 040 ## - CATALOGING SOURCE |
| Original cataloging agency |
DLC |
| Language of cataloging |
eng |
| Description conventions |
rda |
| Transcribing agency |
DLC |
| Modifying agency |
DLC |
| -- |
DLC-MRC |
| -- |
DLC |
| 042 ## - AUTHENTICATION CODE |
| Authentication code |
pcc |
| 082 00 - DEWEY DECIMAL CLASSIFICATION NUMBER |
| Classification number |
342 VER |
| Edition number |
23/eng/20250404 |
| 100 1# - MAIN ENTRY--PERSONAL NAME |
| Personal name |
Versteeg, Mila, |
| 245 10 - TITLE STATEMENT |
| Title |
Comparative constitutional law and politics : |
| Remainder of title |
analysis, cases, & materials / |
| Statement of responsibility, etc. |
Mila Versteeg, Tom Ginsburg, David Landau. |
| 264 #1 - PRODUCTION, PUBLICATION, DISTRIBUTION, MANUFACTURE, AND COPYRIGHT NOTICE |
| Place of production, publication, distribution, manufacture |
New York : |
| Name of producer, publisher, distributor, manufacturer |
Oxford University Press, |
| Date of production, publication, distribution, manufacture, or copyright notice |
[2025] |
| 300 ## - PHYSICAL DESCRIPTION |
| Extent |
xxxviii, 857 pages |
| Other physical details |
illustrations |
| Dimensions |
26 cm. |
| 336 ## - CONTENT TYPE |
| Content type term |
text |
| Content type code |
txt |
| Source |
rdacontent |
| Authority record control number or standard number |
http://id.loc.gov/vocabulary/contentTypes/txt |
| 365 ## - TRADE PRICE |
| Price amount |
Rs. 5055.00 |
| 504 ## - BIBLIOGRAPHY, ETC. NOTE |
| Bibliography, etc. note |
Includes bibliographical references and index. |
| 505 0# - FORMATTED CONTENTS NOTE |
| Formatted contents note |
Constitutions, Constitutional Law, and Constitutionalism -- Constitution-Making -- Constitutional Change -- Courts And Constitutional Review -- The Separation of Powers -- Emergencies -- Federalism and the Territorial Organization of Power -- An Overview of Constitutional Rights -- Pluralism -- Equality and Non-Discrimination -- Economic and Social Rights -- Elections and Democracy. |
| 520 ## - SUMMARY, ETC. |
| Summary, etc. |
"This textbook takes a new approach to the study of comparative constitutional law, suitable for law and social science courses at graduate or undergraduate levels. First, it is interdisciplinary and seeks to integrate state-of-the-art literature and caselaw from comparative constitutional law with insights from social science. It uses quantitative evidence to identify trends in constitutional texts and practices. Second, it is global in scope, recognizing that constitution-making and constitutional interpretation are increasingly transnational practices. This textbook includes many cases and judicial decisions. However, it situates those decisions in their social and political contexts and includes excerpts from scholarly works, as well as detailed explanations and citations. The textbook aims to broaden the field of comparative constitutional law far beyond the usual suspects. The reader will find examples not only from North America and Europe, but also from understudied jurisdictions in Africa, Asia, and Latin America. This textbook has 14 chapters. Chapter 1 introduces the foundational concepts of constitutions and constitutionalism, while Chapters 2 and 3 look at constitution-making and constitutional change. Chapters 5, 6, and 7 consider issues related to state structure - the horizontal separation of powers, states of emergency, and federalism. Chapter 8 introduces key overarching issues in rights interpretation, while Chapters 9 through 12 cover selected rights issues: freedom of speech, pluralism, equality, and economic and social rights. Chapter 13 discusses key issues related to elections, voting, and the protection of democracy, while Chapter 14 looks at the many ways in which constitutions interact with international law"-- Provided by publisher. |
| 650 #0 - SUBJECT ADDED ENTRY--TOPICAL TERM |
| Topical term or geographic name entry element |
Constitutional law |
| Authority record control number or standard number |
http://id.loc.gov/authorities/subjects/sh85031329 |
| 650 #0 - SUBJECT ADDED ENTRY--TOPICAL TERM |
| Topical term or geographic name entry element |
Constitutional law |
| General subdivision |
Political aspects |
| 650 #0 - SUBJECT ADDED ENTRY--TOPICAL TERM |
| Topical term or geographic name entry element |
Comparative law |
| Authority record control number or standard number |
http://id.loc.gov/authorities/subjects/sh85029299 |
| 700 1# - ADDED ENTRY--PERSONAL NAME |
| Personal name |
Ginsburg, Tom |
| Relator term |
author |
| 700 1# - ADDED ENTRY--PERSONAL NAME |
| Personal name |
Landau, David E. |
| Relator term |
author |
| 906 ## - LOCAL DATA ELEMENT F, LDF (RLIN) |
| a |
7 |
| b |
cbc |
| c |
orignew |
| d |
1 |
| e |
ecip |
| f |
20 |
| g |
y-gencatlg |
| 942 ## - ADDED ENTRY ELEMENTS (KOHA) |
| Source of classification or shelving scheme |
Dewey Decimal Classification |
| Koha item type |
BOOKs |